Statistics for Band/singer by song quiz

Click here to take the quiz!

General Stats

  • This quiz has been taken 38 times
  • The average score is 9 of 15

Answer Stats

songband/singer% Correct
Bohemian RhapsodyQueen
94%
Smells Like Teen SpiritNirvana
92%
Back In BlackAC/DC
89%
Sweet Child O'MineGuns N Roses
86%
Hotel CaliforniaEagles
83%
Help!The Beatles
75%
Enter SandmanMetallica
67%
Crazy TrainOzzy Osbourne
64%
Johnny B. GoodChuck Berry
61%
Free BirdLynyrd Skynyrd
56%
Your SongElton John
53%
Suspicious MindsElvis
50%
Stairway To HeavenLed Zepplin
31%
SanteriaSublime
22%
Live WireMotley Crue
17%

Score Distribution

Percentile by Number Answered

Percent of People with Each Score

Your Score History

You have not taken this quiz